Billboard #1 Hits of 1999 - Statistics

General Stats
  • This quiz has been taken 81 times
  • The average score is 10 of 14
Answer Stats
Hint Extra Hint Explanation Answer % Correct
…Baby One More Time 30 January (2 wks.) Listen on YouTube Britney Spears
99%
Livin' la Vida Loca 8 May (5 wks.) Listen on YouTube Ricky Martin
94%
Genie in a Bottle 31 July (5 wks.) Listen on YouTube Christina Aguilera
93%
Believe 13 March (4 wks.) Listen on YouTube Cher
90%
No Scrubs 10 April (4 wks.) Listen on YouTube TLC
87%
Wild Wild West 24 July (1 wk.) Listen on YouTube Will Smith featuring Dru Hill & Kool Moe Dee
87%
Bailamos 4 September (2 wks.) Listen on YouTube Enrique Iglesias
81%
Bills, Bills, Bills 17 July (1 wk.) Listen on YouTube Destiny's Child
75%
Smooth 23 October (12 wks.) Listen on YouTube Santana featuring Rob Thomas
74%
If You Had My Love 12 June (5 wks.) Listen on YouTube Jennifer Lopez
59%
Unpretty 18 September (3 wks.) Listen on YouTube TLC
52%
Have You Ever 16 January (2 wks.) Listen on YouTube Brandy
48%
Heartbreaker 9 October (2 wks.) Listen on YouTube Mariah Carey featuring Jay-Z
45%
Angel of Mine 13 February (4 wks.) Listen on YouTube Monica
41%
No matching quizzes found
Score Distribution
Percent of People with Each Score
Percentile by Number Answered
Your Score History
You have not taken this quiz